MDQL
is popping MORE tags! Check the
thread
!
Quizzes
Events
Quiz Creation
Community
Videos
Private Events
Remove Ads
Sign In
Join for FREE
Feedback
Dark Mode
Quiz Categories
Sports
Geography
Music
Movies
Television
Just For Fun
Miscellaneous
History
Literature
Language
Science
Gaming
Entertainment
Religion
Holiday
For Kids
Quiz Lab
Recent
Popular Today
Quiz Kudos Today
Editor Picks
Curator Picks
Quizzes by...
Day
Popularity
Type
Ratings
Length
Year
Community
Subscriptions
Recent Discussions
Orange Saloon
Badges
Playlists
Quests
Create
Leaderboards
Showdown
Live 5
Trivia Bingo
Activity
Puzzle Library
Sporcle Events
Private Events
Virtual Trivia
Globe League
Become a Host
Pub Owners
SporcleCon
Opinionation
Our Games
Videos
Blog
Mobile Apps
Partnerships
Remove Ads and Go Orange
Feedback
Sports
Athletes
MLB
NBA
NHL
NFL
Soccer
Sports Teams
WWE
NCAA
Football
Premier League
Basketball
Baseball
Hockey
Golf
Tennis
Cricket
Rugby
Auto Racing
Olympics
World Cup
Sports
Athletes
MLB
NBA
NHL
NFL
Soccer
Sports Teams
WWE
NCAA
Football
Premier League
Basketball
Baseball
Hockey
Golf
Tennis
Cricket
Rugby
Auto Racing
Olympics
World Cup
Random Quiz
Search Sporcle
×
Quiz Lab
Quiz Lab
Sports
Nintendo
Type in answers that appear in a list
Type in answers that appear in a list
Classic
Best Score? Go Orange.
65 March Madness teams from 2009 Stats
Can you name the 65 March Madness teams from 2009?
By
kahoobannooban
10m
65 Questions
354 Plays
354 Plays
354 Plays
Comments
Comments
Give Quiz Kudos
Give Quiz Kudos
-
- Ratings
hide this ad
Replay
Link that replays current quiz
Next Quiz
Link to next quiz in quiz playlist
You Got
0%
They Got
Avg Score
54%
Avg Friend Score
Upgrade to see
Score Distribution
Jump to the score distribution portion of the page
Score
0/65
Timer
10:00
0
Plays Today
Seed
Team
% Correct
1
North Carolina
97.5%
2
Duke
96%
10
Michigan
92.9%
3
Kansas
90.4%
7
Texas
88.7%
1
Connecticut
88.1%
2
Michigan St
87.6%
1
Louisville
83.6%
1
Pittsburgh
81.4%
6
UCLA
80.8%
2
Oklahoma
79.9%
3
Syracuse
79.7%
3
Villanova
79.4%
2
Memphis
78.8%
12
Arizona
75.7%
4
Washington
74.6%
10
USC
74.3%
8
Ohio State
73.2%
9
Tennessee
69.8%
12
Wisconsin
69.5%
5
Illinois
68.6%
4
Wake Forest
66.4%
4
Gonzaga
66.4%
5
Florida St
66.4%
5
Purdue
66.1%
8
Oklahoma St
65.8%
3
Missouri
65.5%
7
California
65.3%
8
LSU
64.4%
10
Maryland
64.1%
6
West Virginia
62.7%
6
Arizona St
61%
10
Minnesota
61%
Seed
Team
% Correct
9
Texas A&M
60.5%
7
Clemson
59%
5
Utah
57.1%
6
Marquette
56.8%
13
Mississippi
56.8%
4
Xavier
56.2%
9
Butler
54.2%
8
Brigam Young
52%
7
Boston College
50.8%
14
Cornell
50.3%
11
Temple
49.4%
11
Dayton
42.4%
12
Western Kentucky
38.4%
9
Siena
37.9%
12
Iowa St
35.3%
11
Utah St
34.2%
11
Virginia Commonwealth
32.2%
13
Cleveland St
27.4%
14
American
20.9%
13
Akron
18.6%
15
Binghamton
16.9%
16
Alabama St
15.8%
14
North Dakota St
15%
15
Robert Morris
14.4%
13
Portland St
13%
16
Radford
11.9%
16
Morehead St
11.6%
16
Chattanooga
10.7%
15
Morgan St
9.6%
16
East Tennessee St
9.3%
14
Stephen F. Austin
7.6%
15
Cal State Northridge
5.1%
Quiz Playlist
Details
Report
Send in Message
Add To Playlist
Classic:
Type in answers that appear in a list
Last Updated: Feb 16, 2017
Quiz Scoreboard
CHALLENGE
Sign Up to Join the Scoreboard
Show All
Scores
Hide
Comments
May contain spoilers
Recently Published
Holiday 10x10 Sorting Gallery
by lukepisani3
Holiday
15m
Two Season TV Shows II
by 123Four
Television
10m
Image Sorting: Flags VI
by Barbecue
Geography
2m
More to Explore
Quiz From the Vault
Featured Blog Post
14 Easter Pick-up Lines to Find Eggs With
hide this ad
You Might Also Like...
Tags
Nintendo Quiz
2009
madness
March
Seed
team
Today's Top Quizzes in Sports
Browse Sports
hide this ad
Today's Top Quizzes in Nintendo
Browse Nintendo
Top Contributed Quizzes in Sports
1
Les meilleurs buteurs des matchs entre le PSG et l’OM
2
Les entraîneurs de l'OM et du PSG au 21e siècle
3
2022 World Cup Stars
4
Les joueurs passés par le PSG et l'OM
5
Players with Multiple 50 Home Run Seasons
6
FIFA Club World Cup Champions
7
Criteria MLB: Left Handed Sluggers
8
Les joueurs passés par le LOSC et le RC Lens
9
Top 10 NHL Goal Scorers of All Time
10
NBA Logic Puzzle 2.0
Explore More
Trending Topics
Crossword
Marvel
Disney
Anime
NBA
Kpop
Harry Potter
Pokémon
Country
WWE
NFL
Soccer
Song
The Office
Puzzle
hide this ad
More By:
kahoobannooban
Quiz
Plays
Rating
Category
Featured
Created
Spongebob Millionaire
11,094
1.10
Television
Nov 15, 2009
Spongebob Surnames
1,465
1.63
Television
Jan 21, 2010
Top 10 Selling Wii Games
615
1.83
Gaming
Oct 17, 2009
Apple iPods
538
2.00
Music
Oct 17, 2009
300 Wins Club
401
3.50
Sports
Nov 17, 2009
Go to Creator's Profile
Score Distribution
Quiz Creator Spotlight
kahoobannooban
Follow
Send a Message
Quizzes Created
-
Created Quiz Play Count
-
More By This Creator
Popular Quizzes Today
1
Find the US States - No Outlines Minefield
2
Colored Red Africa Blitz
3
Find the 'City' Movie
4
The Countries of the World
5
5x2 Blitz: Bands
6
Find the Countries of Europe - No Outlines Minefield
7
Find the US States
8
US States
More Sports Quizzes
England XI's vs. Croatia
Quiz Lab
Trending Quizzes
Colored Red Europe Blitz I
Colored Red Africa Blitz II
Colored Red Europe Blitz II
Even More Two Season TV Shows
Colored Red Africa Blitz III
Recently Updated
Odd Team Out - Big 4 Players
pecheneg
Quick Pick: 20 Twenties
pecheneg
March Madness Men's Triple Doubles
pecheneg
How Do You Spell That?
pecheneg
Godzilla Movies
pecheneg
Grab Bag: 4-10 Letters
pecheneg
2024 March Madness Bracket
pecheneg
Famous TV Couples
Peacemaker
Champions League XIs: Real Madrid
pecheneg
Largest US Cities 1790-2010
pecheneg
Trending Topics
Marvel
Harry Potter
Disney
NBA
Anime
Kpop
Crossword
Puzzle
Song
WWE
NFL
Pokémon
Country
The Office
Soccer
Your Account Isn't Verified!
In order to create a playlist on Sporcle, you need to verify the email address you used during registration. Go to your
Sporcle Settings
to finish the process.
Report this User
Report this user for behavior that violates our
Community Guidelines
.
Details:
Send Report
Go to the Sporcle.com Mobile Site →
Comments